Normal view
MARC view
- Marcias E.
Entry Personal Name
001 - CONTROL NUMBER
- control field: 9890
003 - CONTROL NUMBER IDENTIFIER
- control field: IT-RoPau
005 - DATE AND TIME OF LATEST TRANSACTION
- control field: 20140121155559.0
008 - FIXED-LENGTH DATA ELEMENTS
- fixed length control field: 140121|| aca||aabn | a|a d
040 ## - CATALOGING SOURCE
- Original cataloging agency: IT-RoPau
- Transcribing agency: IT-RoPau
100 ## - HEADING--PERSONAL NAME
- Personal name: Marcias E.
- Miscellaneous information: Codice autore musica SPICS: 15596
- Relator term: Autore musica
- Name of part/section of a work: Enfants de tous pays
670 ## - SOURCE DATA FOUND
- Source citation: Work cat.: (IT-RoPau)103845: AA.VV. 794, Franck Pourcel e la sua orchestra-Un'orchestra nella sera 4